LEADER 00983nam0-22002891i-450- 001 990005628920403321 005 20111004140810.0 035 $a000562892 035 $aFED01000562892 035 $a(Aleph)000562892FED01 035 $a000562892 100 $a19990604d1978----km-y0itay50------ba 101 0 $aita 105 $ayf--r---10--- 200 1 $aAtti del convegno di studi ceramici$ecol patrocinio della Regione Emilia-Romagna per il centenario della nascita di Gaetano Ballardini$eFaenza, 28 settembre-1 ottobre 1978 210 $aFaenza$cMuseo Internazionale delle Ceramiche$d1978 215 $a456 p, 105 tav.$d25 cm 610 0 $aCeramiche 676 $a738.37 710 12$aConvegno di studi ceramici$f<1978 ;$eFaenza>$0495011 801 0$aIT$bUNINA$gRICA$2UNIMARC 901 $aBK 912 $a990005628920403321 952 $a738.37 CONV FAENZA 1978$bST.ARTE 15042$fFLFBC 959 $aFLFBC 996 $aAtti del convegno di studi ceramici$9604263 997 $aUNINA LEADER 00872nam0-22003251i-450- 001 990003788380403321 005 20001010 010 $a88-350-8559-4 035 $a000378838 035 $aFED01000378838 035 $a(Aleph)000378838FED01 035 $a000378838 100 $a20001010d--------km-y0itay50------ba 101 0 $aita 105 $ay-------001yy 200 1 $aSociologia e processi formativi$fLuisa Ribolzi. 210 $aBrescia$cLa Scuola$dc1993 215 $a222 p.$ctav., fig.$d21 cm 225 1 $aScuola d'oggi 610 0 $aEDUCAZIONE$aAspetti sociali 676 $a370.19 700 1$aRibolzi,$bLuisa$0143900 801 0$aIT$bUNINA$gRICA$2UNIMARC 901 $aBK 912 $a990003788380403321 952 $a370.19 RIB 1$b5782$fBFS 959 $aBFS 996 $aSociologia e processi formativi$9506396 997 $aUNINA DB $aING01